Statistics for Star Trek: Voyager Characters by Quote

Click here to take the quiz!

General Stats

  • This quiz has been taken 142 times
  • The average score is 10 of 12

Answer Stats

QuoteCharacter% Correct
For 3.2 seconds, I saw perfection.... The Borg have assimilated many species, with mythologies to explain such moments of clarity. I've always dismissed them as trivial. Perhaps I was wrong.Seven of Nine
98%
There's coffee in that nebula.Kathryn Janeway
97%
It's just frustrating to be told I have no more legal standing than a replicator.The Doctor
97%
My people taught me a man does not own land. He doesn't own anything but the courage and loyalty in his heart.Chakotay
92%
Kal-toh is to chess as chess is to tic-tac-toe.Tuvok
91%
Captain Proton would never walk away from a mission like this.Harry Kim
89%
You'd be surprised the things you learn in prison.Tom Paris
88%
I inherited the forehead and the bad attitude - that's it.B'Elanna Torres
87%
Stewed for a few hours in a light herbal broth, you wouldn't even notice the mildew.Neelix
87%
Before I met you, eight or nine years seemed like an eternity. It never occurred to me that anyone could live longer.Kes
83%
Federation rules! Federation nobility! Federation compassion? Do you understand, if this had been a Cardassian ship, we would be home now!Seska
62%
"Me"? There is no "me." There is only "us." One mind.The Borg Queen
60%

Score Distribution

Percentile by Number Answered

Percent of People with Each Score

Your Score History

You have not taken this quiz